[Event "FICGS rapid SM 000027 email"]
[Site "FICGS email"]
[Date "2022.12.12"]
[Round "1"]
[White "Wosch, Arkadiusz"]
[Black "Sorbi, Luca"]
[Result "0-1"]
[WhiteElo "2301"]
[BlackElo "2320"]
[PlyCount "88"]
[EventDate "2022.??.??"]
[EventType "tourn (rapid)"]
[EventRounds "1"]
[SourceTitle "Corr 2024"]
[Source "ChessBase"]
[SourceDate "2023.10.19"]
[SourceVersion "1"]
[SourceVersionDate "2023.10.19"]
[SourceQuality "1"]

1. e4 c5 2. Nf3 d6 3. d4 cxd4 4. Nxd4 Nf6 5. Nc3 a6 6. Be3 e5 7. Nb3 Be6 8. f3 Be7 9. Qd2 0-0 10. 0-0-0 Nbd7 11. g4 b5 12. g5 Nh5 13. Kb1 Nb6 14. Nd5 Nxd5 15. exd5 Bf5 16. Na5 f6 17. Nc6 Qd7 18. h4 Ng3 19. Rg1 Nxf1 20. Rgxf1 Bg6 21. b3 Bh5 22. Qg2 f5 23. Rd3 f4 24. Bb6 Rfe8 25. Ba5 Rac8 26. Kb2 Bf8 27. Qf2 Bf7 28. Bb4 Ra8 29. Qe1 Be7 30. Ba5 Bf8 31. Bb4 Bg6 32. Rd2 Bf5 33. Qf2 h5 34. gxh6 gxh6 35. Rg1+ Kh7 36. Qb6 Bg7 37. h5 Bf6 38. c3 Bg5 39. a3 Bf6 40. Ra1 Bg7 41. Rf2 Rg8 42. a4 bxa4 43. Rxa4 e4 44. Nd4 e3 0-1

[Event "FICGS W-ch st1 gM 01 email"]
[Site "FICGS email"]
[Date "2022.11.02"]
[Round "1"]
[White "Rita, Giacomo"]
[Black "Sorbi, Luca"]
[Result "1/2-1/2"]
[WhiteElo "2347"]
[BlackElo "2320"]
[PlyCount "136"]
[EventDate "2022.??.??"]
[EventType "tourn (corr)"]
[EventRounds "6"]
[EventCategory "1"]
[SourceTitle "Corr 2024"]
[Source "ChessBase"]
[SourceDate "2023.10.19"]
[SourceVersion "1"]
[SourceVersionDate "2023.10.19"]
[SourceQuality "1"]

1. e4 c5 2. Nf3 d6 3. d4 cxd4 4. Nxd4 Nf6 5. Nc3 a6 6. Be3 e5 7. Nb3 Be6 8. Qd2 Nbd7 9. f3 h5 10. Nd5 Bxd5 11. exd5 g6 12. Be2 Bg7 13. 0-0 b6 14. Rad1 h4 15. a4 0-0 16. Qb4 Qc7 17. c3 h3 18. g4 Nc5 19. g5 Nh5 20. Nxc5 bxc5 21. Qe4 Rfb8 22. Rd2 Re8 23. Kh1 Nf4 24. Rg1 Qd7 25. Bf1 Reb8 26. Rc2 Ra7 27. Rg4 Rab7 28. Bc1 Rb6 29. Kg1 Rd8 30. Kh1 Re8 31. Kg1 Reb8 32. Kf2 Bf8 33. Be2 Be7 34. a5 Nxe2 35. axb6 Nxc1 36. Rxc1 Rxb6 37. Rc2 Qb7 38. b4 Rb5 39. Kg3 cxb4 40. cxb4 a5 41. Qc4 axb4 42. Qc8+ Qxc8 43. Rxc8+ Kg7 44. Rcc4 b3 45. Rb4 Rxd5 46. Rxb3 f5 47. gxf6+ Kxf6 48. Rb7 Rd3 49. Ra4 Ke6 50. Kg4 Bf6 51. Rba7 Rd1 52. Ra2 Rd4+ 53. Kxh3 Bg5 54. R7a4 Rd1 55. Kg2 Be3 56. Re2 Bc5 57. Rea2 Kf6 58. h4 Rg1+ 59. Kh2 Rf1 60. Ra8 Kg7 61. Kg3 e4 62. fxe4 Bd4 63. Re8 Kh6 64. Re7 Be5+ 65. Kg2 Rf4 66. Raa7 Rxh4 67. Rh7+ Kg5 68. Rxh4 Kxh4 1/2-1/2

[Event "FICGS W-ch st1 gM 01 email"]
[Site "FICGS email"]
[Date "2022.11.02"]
[Round "1"]
[White "Sorbi, Luca"]
[Black "Mesquita Jr, Fausto Monteiro"]
[Result "1/2-1/2"]
[WhiteElo "2320"]
[BlackElo "2305"]
[PlyCount "50"]
[EventDate "2022.??.??"]
[EventType "tourn (corr)"]
[EventRounds "6"]
[EventCategory "1"]
[SourceTitle "Corr 2024"]
[Source "ChessBase"]
[SourceDate "2023.10.19"]
[SourceVersion "1"]
[SourceVersionDate "2023.10.19"]
[SourceQuality "1"]

1. d4 c6 2. e4 d5 3. Nc3 dxe4 4. Nxe4 Bf5 5. Ng3 Bg6 6. h4 h6 7. Nf3 e6 8. Ne5 Bh7 9. Bd3 Bxd3 10. Qxd3 Nd7 11. f4 Be7 12. Bd2 Nxe5 13. fxe5 Bxh4 14. 0-0-0 Bxg3 15. Qxg3 Ne7 16. Qxg7 Rg8 17. Qh7 Qd5 18. Rdf1 0-0-0 19. Rxf7 Rxg2 20. Rxe7 Rg7 21. Qxh6 Rxe7 22. Bg5 Red7 23. Bxd8 Kxd8 24. a3 Qxd4 25. Qxe6 Kc7 1/2-1/2

[Event "FICGS rapid SM 000026 email"]
[Site "FICGS email"]
[Date "2022.08.06"]
[Round "1"]
[White "Sorbi, Luca"]
[Black "Wosch, Arkadiusz"]
[Result "1/2-1/2"]
[WhiteElo "2332"]
[BlackElo "2300"]
[PlyCount "66"]
[EventDate "2022.??.??"]
[EventType "tourn (rapid)"]
[EventRounds "1"]
[SourceTitle "Corr 2024"]
[Source "ChessBase"]
[SourceDate "2023.10.19"]
[SourceVersion "1"]
[SourceVersionDate "2023.10.19"]
[SourceQuality "1"]

1. d4 Nf6 2. c4 e6 3. Nf3 d5 4. Nc3 c6 5. e3 Nbd7 6. Qc2 Bd6 7. Bd3 0-0 8. 0-0 dxc4 9. Bxc4 a6 10. e4 e5 11. Rd1 Qc7 12. h3 b5 13. Bb3 exd4 14. Nxd4 Be5 15. a4 Bb7 16. axb5 cxb5 17. Be3 Rac8 18. f3 Nc5 19. Nce2 Nfxe4 20. fxe4 Bxe4 21. Qd2 Qb7 22. Bc2 Bxg2 23. Ng3 Bf3 24. Rf1 Ne4 25. Qd3 Rxc2 26. Nxf3 Nxg3 27. Qxc2 Nxf1 28. Rxf1 Bf6 29. Ng5 Bxg5 30. Bxg5 Re8 31. b4 h6 32. Bd2 Qd7 33. Rf3 a5 1/2-1/2

[Event "FICGS W-ch st1 gN 02 email"]
[Site "FICGS email"]
[Date "2022.03.14"]
[Round "1"]
[White "Sorbi, Luca"]
[Black "Duttagupta, Aniruddha"]
[Result "1-0"]
[WhiteElo "2271"]
[BlackElo "2227"]
[PlyCount "83"]
[EventDate "2022.??.??"]
[EventType "tourn (corr)"]
[EventRounds "1"]
[SourceTitle "Corr 2024"]
[Source "ChessBase"]
[SourceDate "2023.10.19"]
[SourceVersion "1"]
[SourceVersionDate "2023.10.19"]
[SourceQuality "1"]

1. e4 c6 2. d4 d5 3. Nd2 dxe4 4. Nxe4 Nd7 5. c3 Ngf6 6. Nxf6+ Nxf6 7. Nf3 Bg4 8. h3 Bxf3 9. Qxf3 Qd5 10. Be2 e6 11. a4 Bd6 12. 0-0 a5 13. Qd3 Be7 14. Bf4 0-0 15. Be5 Qd7 16. Qg3 Bd6 17. f4 Bxe5 18. fxe5 Nd5 19. Rf3 Qc7 20. Qf2 c5 21. Rf1 cxd4 22. cxd4 Rac8 23. b3 Qe7 24. Bc4 Nb6 25. Bd3 Nd5 26. Be4 Rcd8 27. Kh1 Rd7 28. Bd3 g6 29. Bb5 Rc7 30. Qg3 Rc2 31. Bc4 Nb6 32. Bd3 Rb2 33. h4 Rxb3 34. h5 Nd7 35. Qg4 Kh8 36. Qf4 Kg8 37. Rc1 Nb6 38. Qg4 Ra3 39. Kh2 Nd7 40. hxg6 fxg6 41. Bxg6 Raxf3 42. Be4+ 1-0

[Event "FICGS W-ch st1 gN 02 email"]
[Site "FICGS email"]
[Date "2022.03.14"]
[Round "1"]
[White "Wiaderek, Piotr"]
[Black "Sorbi, Luca"]
[Result "1/2-1/2"]
[WhiteElo "2200"]
[BlackElo "2271"]
[PlyCount "71"]
[EventDate "2022.??.??"]
[EventType "tourn (corr)"]
[EventRounds "1"]
[SourceTitle "Corr 2024"]
[Source "ChessBase"]
[SourceDate "2023.10.19"]
[SourceVersion "1"]
[SourceVersionDate "2023.10.19"]
[SourceQuality "1"]

1. d4 Nf6 2. c4 e6 3. Nf3 d5 4. Nc3 Bb4 5. Qa4+ Nc6 6. e3 0-0 7. Qc2 Re8 8. Bd2 Bf8 9. a3 b6 10. Be2 Ne7 11. 0-0 Ng6 12. Ne5 c5 13. cxd5 exd5 14. f4 a6 15. Rad1 Qc7 16. a4 Bd6 17. Be1 Ne7 18. Qc1 Qb7 19. Bh4 cxd4 20. exd4 Ne4 21. Nxe4 dxe4 22. Bc4 Rf8 23. Bxe7 Qxe7 24. Qe3 Bb7 25. Qb3 b5 26. axb5 axb5 27. Bxb5 Rab8 28. Qe3 Bd5 29. Bc4 Bxc4 30. Nxc4 Rfe8 31. Kh1 h6 32. Rc1 Rb4 33. h3 Rb5 34. Qe2 Rb4 35. d5 Kh7 36. Rc3 1/2-1/2

[Event "FICGS W-ch st2 g02 email"]
[Site "FICGS email"]
[Date "2022.03.05"]
[Round "1"]
[White "Maceda, Coco"]
[Black "Sorbi, Luca"]
[Result "1/2-1/2"]
[WhiteElo "2217"]
[BlackElo "2271"]
[PlyCount "37"]
[EventDate "2022.??.??"]
[EventType "tourn (corr)"]
[EventRounds "6"]
[SourceTitle "Corr 2024"]
[Source "ChessBase"]
[SourceDate "2023.10.19"]
[SourceVersion "1"]
[SourceVersionDate "2023.10.19"]
[SourceQuality "1"]

1. e4 c5 2. Nf3 d6 3. d4 cxd4 4. Nxd4 Nf6 5. Nc3 a6 6. Nb3 e6 7. g4 b5 8. g5 b4 9. gxf6 bxc3 10. Qf3 Qxf6 11. Qxf6 gxf6 12. bxc3 Rg8 13. Bd3 Nd7 14. Be3 Ne5 15. Nd2 Ng4 16. Bf4 Ne5 17. Be3 Ng4 18. Bb6 Ne5 19. Be3 1/2-1/2

[Event "FICGS W-ch st2 g02 email"]
[Site "FICGS email"]
[Date "2022.03.05"]
[Round "1"]
[White "Sorbi, Luca"]
[Black "Rita, Giacomo"]
[Result "1/2-1/2"]
[WhiteElo "2271"]
[BlackElo "2371"]
[PlyCount "74"]
[EventDate "2022.??.??"]
[EventType "tourn (corr)"]
[EventRounds "6"]
[SourceTitle "Corr 2024"]
[Source "ChessBase"]
[SourceDate "2023.10.19"]
[SourceVersion "1"]
[SourceVersionDate "2023.10.19"]
[SourceQuality "1"]

1. d4 Nf6 2. c4 e6 3. Nf3 d5 4. Nc3 Bb4 5. Bg5 h6 6. Bxf6 Qxf6 7. Qb3 c5 8. cxd5 exd5 9. e3 0-0 10. dxc5 Bxc3+ 11. Qxc3 Qxc3+ 12. bxc3 Nd7 13. Rd1 Nf6 14. Nd4 Bd7 15. f3 Rfc8 16. Nb3 Kf8 17. Kd2 Ba4 18. Rb1 Bxb3 19. axb3 Rxc5 20. Ra1 a6 21. Bd3 Rac8 22. Rhc1 R8c7 23. b4 R5c6 24. Ra5 Rd6 25. Bc2 h5 26. Rc5 Rxc5 27. bxc5 Rc6 28. Rb1 Nd7 29. Rxb7 Nxc5 30. Rb8+ Ke7 31. Ra8 g6 32. Ra7+ Ke6 33. g3 f5 34. h3 Kf6 35. h4 Ke6 36. Rg7 Kf6 37. Ra7 Ke6 1/2-1/2

[Event "FICGS W-ch final email"]
[Site "FICGS email"]
[Date "2022.03.04"]
[Round "1"]
[White "Parmet, Daniel"]
[Black "Sorbi, Luca"]
[Result "1/2-1/2"]
[WhiteElo "2284"]
[BlackElo "2271"]
[PlyCount "33"]
[EventDate "2022.??.??"]
[EventType "tourn (corr)"]
[EventRounds "6"]
[EventCategory "5"]
[SourceTitle "Corr 2024"]
[Source "ChessBase"]
[SourceDate "2023.10.19"]
[SourceVersion "1"]
[SourceVersionDate "2023.10.19"]
[SourceQuality "1"]

1. d4 Nf6 2. c4 e6 3. Nf3 d5 4. Nc3 Be7 5. Bf4 0-0 6. e3 b6 7. cxd5 Nxd5 8. Nxd5 Qxd5 9. Be2 Qa5+ 10. Nd2 Ba6 11. 0-0 c5 12. Nc4 Bxc4 13. Bxc4 cxd4 14. exd4 Nc6 15. d5 exd5 16. Qxd5 Qxd5 17. Bxd5 1/2-1/2

[Event "FICGS W-ch final email"]
[Site "FICGS email"]
[Date "2021.07.27"]
[Round "1"]
[White "Boehme, Sebastian"]
[Black "Sorbi, Luca"]
[Result "1/2-1/2"]
[WhiteElo "2301"]
[BlackElo "2233"]
[PlyCount "62"]
[EventDate "2021.??.??"]
[EventType "tourn (corr)"]
[EventRounds "6"]
[EventCategory "5"]
[SourceTitle "Corr 2024"]
[Source "ChessBase"]
[SourceDate "2023.10.19"]
[SourceVersion "1"]
[SourceVersionDate "2023.10.19"]
[SourceQuality "1"]

1. e4 e5 2. Nf3 Nf6 3. d4 Nxe4 4. Bd3 d5 5. Nxe5 Nd7 6. Nc3 Nxe5 7. dxe5 Nxc3 8. bxc3 c5 9. Be3 c4 10. Be2 Ba3 11. 0-0 Be6 12. f4 g6 13. g4 Qd7 14. Bd4 h5 15. gxh5 b6 16. Rf2 0-0-0 17. Rg2 gxh5 18. Bxh5 Rdg8 19. Bf3 Qd8 20. Bf2 Bb2 21. Rb1 Bxc3 22. Qe2 f5 23. h4 d4 24. Rd1 Rxg2+ 25. Kxg2 Bd5 26. Kh3 Qd7 27. h5 Kc7 28. Bxd4 Bxf3 29. Bxb6+ Kxb6 30. Qf2+ Bd4 31. Rxd4 Rxh5+ 1/2-1/2

[Event "FICGS W-ch final email"]
[Site "FICGS email"]
[Date "2021.07.27"]
[Round "1"]
[White "Gounant, Stanislas"]
[Black "Sorbi, Luca"]
[Result "1/2-1/2"]
[WhiteElo "2166"]
[BlackElo "2233"]
[PlyCount "35"]
[EventDate "2021.??.??"]
[EventType "tourn (corr)"]
[EventRounds "6"]
[EventCategory "5"]
[SourceTitle "Corr 2022"]
[Source "ChessBase"]
[SourceDate "2021.10.24"]
[SourceVersion "1"]
[SourceVersionDate "2021.10.24"]
[SourceQuality "1"]

1. b3 e5 2. Bb2 Nc6 3. e3 Nf6 4. Nf3 e4 5. Nd4 Bc5 6. d3 Nxd4 7. exd4 Bb6 8. Nd2 0-0 9. dxe4 Nxe4 10. Nxe4 Re8 11. Be2 Rxe4 12. 0-0 d5 13. Bd3 Re6 14. Qf3 c6 15. Rae1 Bc7 16. c3 Qe7 17. Rxe6 Bxe6 18. Bc1 1/2-1/2

[Event "FICGS W-ch st1 gN 01 email"]
[Site "FICGS email"]
[Date "2021.07.11"]
[Round "1"]
[White "Duttagupta, Aniruddha"]
[Black "Sorbi, Luca"]
[Result "1/2-1/2"]
[WhiteElo "2211"]
[BlackElo "2233"]
[PlyCount "60"]
[EventDate "2021.??.??"]
[EventType "tourn (corr)"]
[EventRounds "6"]
[SourceTitle "Corr 2024"]
[Source "ChessBase"]
[SourceDate "2023.10.19"]
[SourceVersion "1"]
[SourceVersionDate "2023.10.19"]
[SourceQuality "1"]

1. d4 Nf6 2. Nf3 d5 3. Bf4 c5 4. e3 Nc6 5. Nbd2 e6 6. c3 Nh5 7. Bg5 f6 8. Bh4 g6 9. Be2 cxd4 10. cxd4 Be7 11. Rc1 0-0 12. Nb3 g5 13. Bg3 Nxg3 14. hxg3 Bd6 15. a3 Qe7 16. Nc5 g4 17. Ng1 f5 18. Qd2 e5 19. dxe5 Nxe5 20. Nb3 Bd7 21. Bd3 Nxd3+ 22. Qxd3 Qe4 23. Qxe4 dxe4 24. Ne2 Rac8 25. Rd1 Rf6 26. Rd5 Rc2 27. Rd2 Rxd2 28. Kxd2 Kg7 29. Nf4 Bxf4 30. gxf4 Rb6 1/2-1/2

[Event "FICGS W-ch st1 gN 01 email"]
[Site "FICGS email"]
[Date "2021.07.11"]
[Round "1"]
[White "Sorbi, Luca"]
[Black "Moreira, Jose"]
[Result "1/2-1/2"]
[WhiteElo "2233"]
[BlackElo "2217"]
[PlyCount "122"]
[EventDate "2021.??.??"]
[EventType "tourn (corr)"]
[EventRounds "6"]
[SourceTitle "Corr 2024"]
[Source "ChessBase"]
[SourceDate "2023.10.19"]
[SourceVersion "1"]
[SourceVersionDate "2023.10.19"]
[SourceQuality "1"]

1. d4 Nf6 2. c4 e6 3. Nf3 d5 4. Nc3 dxc4 5. e4 Bb4 6. Bxc4 Nxe4 7. 0-0 Nxc3 8. bxc3 Be7 9. Ne5 Nc6 10. Qg4 0-0 11. Re1 Kh8 12. Rb1 Nxe5 13. dxe5 Bc5 14. Bg5 Be7 15. Be3 Qe8 16. Bd3 f5 17. exf6 gxf6 18. Qh4 Qf7 19. Bf4 Bd6 20. Bxd6 cxd6 21. Bc2 b6 22. Rbd1 d5 23. c4 dxc4 24. Qxc4 Qg7 25. Be4 Rb8 26. Bxh7 Qxh7 27. Rd4 b5 28. Qb4 Kg8 29. Rh4 Qc7 30. Qg4+ Qg7 31. Qd1 e5 32. Re3 Bf5 33. Rg3 Bg6 34. Rhg4 Kh7 35. Rh3+ Kg8 36. Qd5+ Rf7 37. Rhg3 Kh7 38. h4 Rff8 39. Rxg6 Qxg6 40. Rxg6 Kxg6 41. g4 Kg7 42. h5 a5 43. Kg2 a4 44. f3 Kh8 45. Qd7 Kg8 46. Qc7 Rbe8 47. Qc6 Rb8 48. Qc7 Rbe8 49. Qd6 e4 50. f4 e3 51. Qd7 Kh8 52. h6 Rg8 53. Kf1 Ra8 54. Ke2 Rg6 55. Qxb5 Rxg4 56. Qf5 Rag8 57. Qxf6+ Kh7 58. Kxe3 R4g6 59. Qe7+ Kxh6 60. Qh4+ Kg7 61. Qe7+ Kh6 1/2-1/2

[Event "FICGS class M 000092 email"]
[Site "FICGS email"]
[Date "2020.11.21"]
[Round "1"]
[White "Kasznia, Ireneusz"]
[Black "Sorbi, Luca"]
[Result "1/2-1/2"]
[WhiteElo "2223"]
[BlackElo "2228"]
[PlyCount "100"]
[EventDate "2020.??.??"]
[EventType "tourn (corr)"]
[EventRounds "6"]
[SourceTitle "Corr 2022"]
[Source "ChessBase"]
[SourceDate "2021.10.24"]
[SourceVersion "1"]
[SourceVersionDate "2021.10.24"]
[SourceQuality "1"]

1. Nf3 Nf6 2. g3 g6 3. Bg2 Bg7 4. 0-0 0-0 5. d3 d5 6. Nbd2 c5 7. e4 Nc6 8. c3 e5 9. exd5 Nxd5 10. Re1 Be6 11. Qe2 Qd7 12. Ne4 b6 13. Neg5 Bf5 14. Nh4 Bg4 15. f3 Bf5 16. Nxf5 Qxf5 17. Nh3 Qd7 18. Qe4 b5 19. Qh4 Nce7 20. Bd2 Rab8 21. g4 Rfe8 22. Rad1 b4 23. c4 Nf4 24. Nxf4 exf4 25. Bxf4 Rbc8 26. Bc1 Nc6 27. f4 Nd4 28. Kh1 Ne2 29. Rd2 Nxf4 30. Be4 h6 31. Qg3 Be5 32. Rf2 Ne2 33. Qh3 Nxc1 34. Ref1 Re7 35. Bd5 Bg7 36. Rxc1 Rf8 37. Rcf1 a5 38. Rf3 a4 39. Qg2 Be5 40. h4 Kg7 41. b3 a3 42. Qg1 Bd4 43. Qg2 Re5 44. Qg3 f6 45. Be4 Kh8 46. Qh3 Qg7 47. g5 f5 48. h5 Rfe8 49. hxg6 fxe4 50. gxh6 Qxg6 1/2-1/2